[Event "LIII TCh-ESP CECLUB Gp2"]
[Site "Montcada ESP"]
[Date "2009.09.19"]
[Round "4"]
[White "Malakhov,V"]
[Black "Cuenca Jimenez,J"]
[Result "1-0"]
[WhiteElo "2715"]
[BlackElo "2460"]

1.e4 d6 2.d4 Nf6 3.Nc3 e5 4.Nf3 Nbd7 5.Bc4 Be7 6.O-O O-O 7.a4 c6 8.Re1 b6
9.Ba2 a6 10.h3 Rb8 11.Be3 b5 12.axb5 axb5 13.b4 Qc7 14.Bb3 c5 15.bxc5 dxc5
16.dxe5 Nxe5 17.Nxe5 Qxe5 18.Qd2 Qd6 19.e5 Qxd2 20.Bxd2 c4 21.exf6 Bxf6 22.Ba2 b4
23.Bf4 Ra8 24.Bxc4 Rxa1 25.Rxa1 Bxc3 26.Ra7 Be6 27.Rc7 h6 28.Kf1 Re8 29.g4 Bxc4+
30.Rxc4 Re1+ 31.Kg2 Rb1 32.Bd6 Bd2 33.Rc8+ Kh7 34.Rf8 Kg6 35.f4 Rc1 36.f5+ Kh7
37.Rxf7 Rxc2 38.Kf3 Bc3 39.Rb7 Rb2 40.h4 Rb3 41.Ke4 Bf6 42.Bf4 Rb1 43.g5 hxg5
44.hxg5 Re1+ 45.Kd5 Rd1+ 46.Kc6 Bxg5 47.Bxg5 Rg1 48.Bf4 Rf1 49.Rxb4 g5 50.Bxg5 Rxf5
51.Rg4 Kg6 52.Be7+ Kf7 53.Kd6 Rf1 54.Bh4 Rf3 55.Kd5 Rf5+ 56.Ke4 Ra5 57.Bf2 Rh5
58.Bd4 Ke6 59.Rg6+ Kd7 60.Be5 Rh1 61.Kd5 Rd1+ 62.Bd4 Re1 63.Rg2 Rd1 64.Rg7+ Kd8
65.Ke5 Rd2 66.Bb6+ Kc8 67.Ke6 Rd1 68.Bc5 Kd8 69.Bd6 Re1+ 70.Be5 Kc8 71.Rc7+ Kd8
72.Rc2 Re4 73.Rh2  1-0

[Event "Quality Chess Int"]
[Site "Edinburgh SCO"]
[Date "2009.09.20"]
[Round "9"]
[White "Mikkelsen,N"]
[Black "Greet,A"]
[Result "1-0"]
[WhiteElo "2361"]
[BlackElo "2433"]

1.e4 d6 2.d4 Nf6 3.Nc3 e5 4.Nf3 Nbd7 5.Bc4 Be7 6.a4 c6 7.dxe5 dxe5 8.O-O O-O
9.Re1 Qc7 10.Nh4 Nc5 11.Qf3 Be6 12.Bxe6 Nxe6 13.Nf5 Nd4 14.Nxd4 exd4 15.Ne2 Rad8
16.Ng3 Rfe8 17.Nf5 Nd7 18.Bf4 Qb6 19.Qg3 Bf6 20.e5 Qa5 21.Nxg7 Kh8 22.Nxe8 Rxe8
23.b4 Qxb4 24.Reb1  1-0

[Event "TCh-ROU Superliga"]
[Site "Eforie Nord ROU"]
[Date "2009.09.20"]
[Round "2"]
[White "Ciobanu,V"]
[Black "Badea,B"]
[Result "0-1"]
[WhiteElo "2280"]
[BlackElo "2496"]

1.e4 d6 2.d4 Nf6 3.Nc3 e5 4.Nf3 Nbd7 5.Bg5 Be7 6.Qe2 c6 7.O-O-O Qc7 8.g4 b5
9.Bg2 Qa5 10.dxe5 dxe5 11.Kb1 b4 12.Nd5 cxd5 13.exd5 Bd6 14.Nd4 O-O 15.Nc6 Qa6
16.Qd2 Bb7 17.Rhg1 Rac8 18.Be3 Nb6 19.g5 Nfxd5 20.Bxd5 Nxd5 21.Qxd5 Rxc6
22.g6 Rxc2 23.gxf7+ Kh8 24.Bh6 g6 25.Bg5 Rxf2 26.Qxd6 Rxb2+  0-1

[Event "TCh-ROU Superliga"]
[Site "Eforie Nord ROU"]
[Date "2009.09.21"]
[Round "3"]
[White "Cartas,O"]
[Black "Duca,A"]
[Result "0-1"]
[WhiteElo "2175"]
[BlackElo "2287"]

1.e4 d6 2.d4 Nf6 3.Nc3 e5 4.Nf3 Nbd7 5.h3 c6 6.a4 Be7 7.Bc4 O-O 8.O-O b6
9.Bg5 Qc7 10.d5 Bb7 11.Re1 cxd5 12.Bxd5 Bxd5 13.Bxf6 Nxf6 14.exd5 Rac8 15.Nd2 a6
16.Nf1 Nd7 17.Qe2 Qb7 18.Rad1 f5 19.Na2 Bf6 20.c4 Nc5 21.Qc2 e4 22.Ne3 g6
23.Nb4 a5 24.Nc6 Nd3 25.Rf1 h5 26.Qb3 Nc5 27.Qa2 f4 28.Nc2 Qd7 29.N2d4 f3
30.Rfe1 Bh4 31.Qb1 fxg2 32.Rxe4 Bxf2+ 33.Kxg2 Nxe4 34.Qxe4 Bxd4 35.Ne7+ Kf7
36.Nxc8 Bc5 37.Rf1+ Kg7 38.Ne7 Rxf1 39.Kxf1 Qxh3+ 40.Ke2 Qg4+ 41.Qxg4 hxg4  0-1

[Event "18th TCh-CRO"]
[Site "Sibenik CRO"]
[Date "2009.09.21"]
[Round "1"]
[White "Abasov,N"]
[Black "Predojevic,B"]
[Result "0-1"]
[WhiteElo "2525"]
[BlackElo "2654"]

1.e4 d6 2.d4 Nf6 3.Nc3 e5 4.dxe5 dxe5 5.Qxd8+ Kxd8 6.Bg5 Nd7 7.O-O-O Bd6
8.Bc4 Ke8 9.Nf3 a6 10.Rhe1 h6 11.Bh4 b5 12.Bb3 Rb8 13.Nd5 Nxd5 14.Bxd5 f6
15.Bg3 Nb6 16.Bc6+ Kf7 17.Nd2 Be6 18.Kb1 Nc8 19.Bd5 Bxd5 20.exd5 Ne7 21.f3 b4
22.Ne4 Rb5 23.c4 bxc3 24.Nxc3 Rb4 25.b3 Bc5 26.Ne4 Bd4 27.d6 cxd6 28.Nxd6+ Ke6
29.Nc4 Nf5 30.f4 Rc8 31.Rc1 Rb5 32.Rc2 Nxg3 33.hxg3 Rcc5 34.Ree2 a5 35.Kc1 a4
36.bxa4 Rb4 37.Nd2 Rxc2+ 38.Kxc2 Rb2+ 39.Kd3 Rxa2 40.Nf3 Rxa4 41.fxe5 Bxe5
42.Re4 Rxe4 43.Kxe4 f5+ 44.Ke3 Bxg3 45.Nd4+ Kf6 46.Kf3 Be5 47.Nc2 h5 48.Ne3 g5
49.Nc4 Bc7 50.Kf2 g4 51.Kg1 f4 52.Nb2 Kf5 53.Nd3 Bb6+ 54.Kf1 Ke4 55.Nb2 h4
56.Nc4 Bc5 57.Nd2+ Kd3 58.Nb3 Bb6 59.Nc1+ Kc2 60.Ne2 Be3  0-1

[Event "LIII TCh-ESP CECLUB Gp1"]
[Site "Lugo ESP"]
[Date "2009.09.23"]
[Round "4"]
[White "Vila Gazquez,J"]
[Black "Paunovic,D"]
[Result "1/2-1/2"]
[WhiteElo "2063"]
[BlackElo "2556"]

1.e4 d6 2.d4 Nf6 3.Nc3 e5 4.Nf3 Nbd7 5.g4 Nxg4 6.Rg1 Ngf6 7.Bc4 exd4 8.Qxd4 Nb6
9.Bb3 Be6 10.e5 dxe5 11.Qxe5 Qd6 12.Qe2 a6 13.Bg5 O-O-O 14.Rd1 Qe7 15.Rxd8+ Kxd8
16.Ne4 Nbd7 17.Nxf6 Nxf6 18.Qe5 Bxb3 19.Bxf6 gxf6 20.Qxe7+ Kxe7 21.axb3 f5
22.Ke2 Kf6 23.c3 Bc5 24.Rg5 Re8+ 25.Kf1 h6 26.Rg3 Bd6 27.Rh3 Bf4 28.Ne1 Kg6
29.Nd3 Bd6 30.Ne1 Re5 31.Nd3 Ra5 32.Kg2 Ra1 33.Re3 Rd1 34.Ne5+ Bxe5 35.Rxe5 Kf6
36.Re8 a5 37.Rc8 Rd7 38.Rb8 b6 39.Rc8 Ke5 40.Kf3 Rd2 41.Rxc7 Rxb2 42.b4 axb4
43.cxb4 Rb3+ 44.Kg2 Rxb4 45.Rxf7 h5 46.Rh7 h4 47.Kf1 b5 48.Ke2 Re4+ 49.Kd3 b4
50.f3 Rd4+ 51.Ke3 Rc4 52.Re7+ Kf6 53.Rb7 Ke6 54.h3 Kd6 55.Rb5 Kc6 56.Rb8 Kc5
57.Rb7 f4+ 58.Kd3 Rd4+ 59.Kc2 Kd5 60.Rd7+ Ke5 61.Re7+ Kd5 62.Rd7+ Kc5 63.Rc7+ Kb6
64.Rh7 Kc5 65.Rc7+ Kd6 66.Rb7 Rc4+ 67.Kd3 Rc3+ 68.Kd4 Rxf3 69.Rxb4 Rxh3 70.Rb6+ Ke7
71.Ke4 f3 72.Ke3 Kf7 73.Kf2 Kg7 74.Ra6 Rg3 75.Ra4  1/2-1/2

[Event "18th TCh-CRO b"]
[Site "Sibenik CRO"]
[Date "2009.09.23"]
[Round "3"]
[White "Bogut,Z"]
[Black "Varga,Zo"]
[Result "1/2-1/2"]
[WhiteElo "2442"]
[BlackElo "2481"]

1.e4 d6 2.d4 Nf6 3.Nc3 Nbd7 4.Nf3 e5 5.Bc4 Be7 6.O-O O-O 7.Re1 c6 8.a4 h6
9.b3 Re8 10.Bb2 exd4 11.Nxd4 Bf8 12.Qd2 Nc5 13.f3 d5 14.exd5 Rxe1+ 15.Rxe1 cxd5
16.Bf1 Qb6 17.Kh1 a6 18.Nd1 Bd7 19.a5 Qc7 20.Ne3 Re8 21.Nef5 Re5 22.g4 Rxe1
23.Qxe1 g6 24.Qh4 Qe5 25.Nxh6+ Bxh6 26.Qxh6 Bxg4 27.fxg4 Nxg4 28.Qh4 Ne4
29.Kg1 Ne3 30.Bd3 Nd1 31.Qd8+ Kh7 32.Qh4+ Kg8 33.Ba1 Nef2 34.Qd8+ Kh7 35.Qh4+ Kg8
36.Be2 Qe3 37.Qd8+ Kh7 38.Qh4+ Kg8 39.Qd8+ Kh7 40.Qh4+ Kg8  1/2-1/2

[Event "18th TCh-CRO b"]
[Site "Sibenik CRO"]
[Date "2009.09.23"]
[Round "3"]
[White "Krstic,U"]
[Black "Stipic,M"]
[Result "1/2-1/2"]
[WhiteElo "2372"]
[BlackElo "2223"]

1.e4 d6 2.d4 Nf6 3.Nc3 c6 4.Nf3 Bg4 5.h3 Bh5 6.Qe2 e6 7.g4 Bg6 8.Bg2 Be7
9.Bf4 d5 10.exd5 Nxd5 11.Nxd5 cxd5 12.Ne5 Nc6 13.Nxg6 hxg6 14.O-O-O Bg5 15.Be3 Bxe3+
16.fxe3 Qd7 17.Kb1 O-O-O 18.c4 Kb8 19.Rc1 Rc8 20.cxd5 exd5 21.Qb5 Rhd8 22.Rc5 Ne7
23.Rxc8+ Nxc8 24.Qxd7 Rxd7 25.h4 Nb6 26.b3 Kc7 27.Kc2 Kd6 28.Kd3 Nc8 29.Rf1 f6
30.h5 gxh5 31.gxh5 Rf7 32.e4 dxe4+ 33.Bxe4 b6 34.Bg6 Rf8 35.Rg1 Ne7 36.Be4 Rh8
37.Bf3 Rg8 38.Ke4 g6 39.hxg6 Rxg6 40.Rxg6 Nxg6 41.Bh5 Ne7  1/2-1/2

[Event "18th TCh-CRO b"]
[Site "Sibenik CRO"]
[Date "2009.09.24"]
[Round "4"]
[White "Kaps,D"]
[Black "Stipic,M"]
[Result "1-0"]
[WhiteElo "2293"]
[BlackElo "2223"]

1.e4 d6 2.d4 Nf6 3.Nc3 c6 4.Be3 Qb6 5.b3 d5 6.e5 Ng4 7.Bf4 h5 8.Na4 Qc7 9.h3 Nf6
10.Ne2 g5 11.Bxg5 Ne4 12.Bf4 b5 13.Nac3 Qa5 14.Bd2 Nxd2 15.Qxd2 Bh6 16.f4 h4
17.Nd1 Qa3 18.Ne3 Rg8 19.c3 Na6 20.Qc1 Qa5 21.a4 b4 22.c4 Nc7 23.cxd5 cxd5
24.Qc6+  1-0

[Event "TCh-ROU Superliga"]
[Site "Eforie Nord ROU"]
[Date "2009.09.25"]
[Round "7"]
[White "Corlatescu,D"]
[Black "Duca,A"]
[Result "0-1"]
[WhiteElo "2199"]
[BlackElo "2287"]

1.e4 d6 2.d4 Nf6 3.Nc3 e5 4.Nf3 Nbd7 5.dxe5 dxe5 6.Be3 c6 7.h3 b5 8.Bd3 Qc7
9.O-O Bc5 10.Bxc5 Nxc5 11.b4 Nxd3 12.cxd3 O-O 13.d4 exd4 14.Qxd4 Rd8 15.Qc5 Qb6
16.Rfd1 Rxd1+ 17.Rxd1 Qxc5 18.bxc5 Be6 19.Nd4 b4 20.Nxe6 bxc3 21.Ng5 Rb8
22.Rc1 h6 23.e5 Rb2 24.Nf3 Nd5 25.Nd4 Rd2 26.Nxc6 Rxa2 27.Nd4 Ra4 28.Rd1 Rc4
29.Nb3 Nb4 30.Rd4 Rxd4 31.Nxd4 Kf8 32.Nb3 c2 33.c6 Ke7 34.Nc1 a5 35.Kf1 a4
36.Ke2 a3 37.Kd2 a2 38.Nb3 Kd8 39.f4 Kc7 40.g4 Kxc6 41.h4 Kd5 42.h5 Ke4 43.g5 hxg5  0-1

[Event "I Teller Ede Mem WGM"]
[Site "Paks HUN"]
[Date "2009.09.25"]
[Round "1"]
[White "Kochetkova,J"]
[Black "Vajda,S"]
[Result "0-1"]
[WhiteElo "2305"]
[BlackElo "2375"]

1.e4 d6 2.d4 Nf6 3.Nc3 e5 4.Nf3 Nbd7 5.Bc4 Be7 6.O-O O-O 7.a4 c6 8.Re1 h6
9.h3 exd4 10.Nxd4 Ne5 11.Bf1 Re8 12.a5 Qc7 13.Bf4 Bf8 14.Bg3 Bd7 15.Nf3 b5
16.axb6 axb6 17.Rxa8 Rxa8 18.Nh4 b5 19.f4 Nc4 20.b3 Nb6 21.Kh1 b4 22.e5 dxe5
23.fxe5 bxc3 24.Qf3 Qd8 25.exf6 Qxf6 26.Qxf6 gxf6 27.Bd3 Nd5 28.Rf1 Nb4 29.Be4 Re8
30.Bf3 Nxc2 31.Rc1 Nd4 32.Rxc3 Be6 33.Bf2 c5 34.Bd1 Rb8 35.Bxd4 cxd4 36.Rf3 Bd5
37.Rd3 Bc5 38.Bc2 Kf8 39.Rd1 Re8 40.Nf3 Re2 41.Bd3 Re3 42.Bc4 Bxc4 43.bxc4 d3
44.Rb1 Ke7 45.h4 f5 46.h5 f4 47.Kh2 f5 48.Rb7+ Kd6 49.Rb3 Kc7 50.Rb5 Kc6
51.Rb3 Kd6 52.Rb8 Rxf3 53.gxf3 Ke5 54.Kg2 d2 55.Rb1 Kd4 56.Kf1 Kd3 57.Ra1 Be3
58.Rd1 Bd4  0-1

[Event "VII Marx Gyorgy Mem"]
[Site "Paks HUN"]
[Date "2009.09.25"]
[Round "1"]
[White "Safarli,E"]
[Black "Berkes,F"]
[Result "1/2-1/2"]
[WhiteElo "2587"]
[BlackElo "2663"]

1.e4 d6 2.d4 Nf6 3.Nc3 e5 4.Nf3 Nbd7 5.Bc4 Be7 6.O-O O-O 7.Re1 c6 8.a4 a5
9.Ba2 exd4 10.Nxd4 Nc5 11.h3 Be6 12.Bf4 Bxa2 13.Rxa2 Re8 14.Nf5 Bf8 15.Nxd6 Bxd6
16.Qxd6 Qxd6 17.Bxd6 Nfxe4 18.Nxe4 Nxe4 19.Bc7 Nf6 20.Raa1 h6 21.c4 Ne4 22.Rad1 Nc5
23.Rxe8+ Rxe8 24.Bxa5 Re2 25.Bb4 Nxa4 26.b3 Rb2 27.Rd3 Rb1+ 28.Kh2 Nb2 29.Rd8+ Kh7
30.Bc5 b6 31.Bxb6 Nxc4 32.bxc4 Rxb6 33.Rd6 Kg8 34.Rd8+ Kh7 35.Rd6 Kg8 36.Rd8+  1/2-1/2

[Event "18th TCh-CRO b"]
[Site "Sibenik CRO"]
[Date "2009.09.25"]
[Round "5"]
[White "Vlaic,B"]
[Black "Stipic,M"]
[Result "1-0"]
[WhiteElo "2277"]
[BlackElo "2223"]

1.d4 d6 2.e4 Nf6 3.Nc3 c6 4.h3 Qc7 5.Nf3 e5 6.a4 Be7 7.Be3 O-O 8.Bc4 a5 9.O-O Nbd7
10.Ba2 h6 11.Qe2 Re8 12.Qc4 Rf8 13.Rad1 b6 14.Qb3 Nh7 15.Rfe1 Rb8 16.Qc4 Qb7
17.Qe2 Re8 18.Nd2 Nhf6 19.f4 b5 20.axb5 cxb5 21.Nd5 Bd8 22.dxe5 dxe5 23.Qf3 Nxd5
24.Bxd5 Qc7 25.fxe5 Nxe5 26.Qg3 Qd6 27.Nc4 Qg6 28.Qxg6 Nxg6 29.Nd6 Re7 30.Bxf7+ Rxf7
31.Nxf7  1-0

[Event "18th TCh-CRO"]
[Site "Sibenik CRO"]
[Date "2009.09.25"]
[Round "5"]
[White "Movsesian,S"]
[Black "Predojevic,B"]
[Result "1-0"]
[WhiteElo "2711"]
[BlackElo "2654"]

1.e4 d6 2.d4 Nf6 3.Nc3 e5 4.Nf3 Nbd7 5.Bc4 Be7 6.O-O O-O 7.a4 a5 8.Qe2 exd4
9.Nxd4 Nb6 10.Bb3 Nfd7 11.Be3 Nc5 12.Rad1 Nxb3 13.Nxb3 c6 14.Nd4 Re8 15.b3 d5
16.Qf3 Bb4 17.Nde2 Qc7 18.Bxb6 Qxb6 19.exd5 Qc5 20.h3 Bd7 21.Rd3 Re5 22.Ne4 Qe7
23.d6 Qe6 24.Nf4 Qh6 25.c3 Rae8 26.Rd4 f5 27.Ng3 Bc5 28.Rdd1 Bxd6 29.Nd3 Rd5
30.c4 Rd4 31.Nxf5 Bxf5 32.Qxf5 Rf8 33.Qxa5 Rg4 34.Ne1 Rg6 35.Rd3 Rg5 36.Qd2 Bf4
37.Qd1 Bc7 38.Kh1 Rh5 39.Qg4 Rhf5 40.Kg1 Qf6 41.Nf3 h5 42.Qe4 Rf4 43.Qe2 Bb6
44.Re1 g5 45.Rd7 g4 46.Qc2 Bxf2+ 47.Qxf2 gxf3 48.g3 Qg6 49.Rxb7 Re4 50.Re7 Rxe7
51.Rxe7 Qb1+ 52.Kh2 Qxb3 53.Qd2 Rf5 54.Re8+ Kg7 55.Re6  1-0

[Event "69th ch-ITA s/f"]
[Site "Arvier ITA"]
[Date "2009.09.26"]
[Round "1"]
[White "Pepino,E"]
[Black "Scalcione,M"]
[Result "0-1"]
[WhiteElo "2110"]
[BlackElo "2389"]

1.e4 d6 2.d4 Nf6 3.Nc3 e5 4.Nf3 Nbd7 5.g4 Nxg4 6.Rg1 Ngf6 7.Bc4 h6 8.dxe5 dxe5
9.Qd3 c6 10.Be3 b5 11.Bb3 Qa5 12.O-O-O Ba6 13.Ne2 c5 14.c4 Qb4 15.Nd2 Nb6
16.Qc3 Qxc3+ 17.Nxc3 bxc4 18.Ba4+ Nxa4 19.Nxa4 Rc8 20.f3 Nd7 21.Nb1 g6 22.Nac3 Be7
23.Na3 Nf8 24.Nab5 Bxb5 25.Nxb5 Ne6 26.Nxa7 Ra8 27.Nc6 Nd4 28.Nxe5 Ne2+ 29.Kb1 Nxg1
30.Bxg1 c3 31.Nc4 O-O 32.Rd7 Rfd8 33.Rxe7 Rd1+ 34.Kc2 cxb2 35.Kxb2 Rb8+ 36.Kc3 Rc1+
37.Kd3 Rd8+  0-1

[Event "TCh-ROU Superliga"]
[Site "Eforie Nord ROU"]
[Date "2009.09.26"]
[Round "8"]
[White "Smeets,J"]
[Black "Nevednichy,V"]
[Result "1/2-1/2"]
[WhiteElo "2642"]
[BlackElo "2601"]

1.e4 d6 2.d4 Nf6 3.Nc3 e5 4.Nf3 Nbd7 5.Bc4 Be7 6.O-O O-O 7.Re1 a6 8.a4 b6
9.Ne2 exd4 10.Qxd4 Ng4 11.Bd5 Rb8 12.Qd1 Nde5 13.Nfd4 Bh4 14.Ng3 Bd7 15.Ra3 c6
16.Ba2 b5 17.axb5 axb5 18.Rf1 b4 19.Ra6 Ra8 20.Rxa8 Qxa8 21.Bb3 Qa7 22.Nde2 c5
23.Bd5 g6 24.h3 Nf6 25.f4 Nc6 26.Bxc6 Bxc6 27.Qxd6 c4+ 28.Kh2 Qb7 29.f5 Bxg3+
30.Nxg3 Nxe4 31.Nxe4 Bxe4 32.Bh6 Re8 33.Re1 Qc6 34.Qxb4 gxf5 35.Bf4 f6 36.Re3 Kf7
37.Rg3 Rg8 38.Rxg8 Kxg8 39.Qe7 Qb7 40.Qxf6 Qf7 41.Qd8+ Kg7 42.Be5+ Kg6 43.Qd6+ Kh5
44.Bf4 Qg7 45.g4+ fxg4 46.Qc5+ Kg6 47.Qxc4 Kf5 48.Qf1 Ke6 49.Qe2 Kf5 50.Qf2 Qg6
51.Bd2+ Ke6 52.Qb6+ Kd7 53.Qa7+ Ke6 54.Qa6+ Kd7 55.Qa7+ Ke6 56.Qa2+ Kf5 57.Qa5+ Ke6
58.hxg4 Qxg4 59.Qb6+ Kd7 60.Qd4+ Ke6 61.Qc4+ Kd7 62.Qf7+ Kc6 63.Qf6+ Kd7
64.Qf7+  1/2-1/2

[Event "TCh-ROU Superliga"]
[Site "Eforie Nord ROU"]
[Date "2009.09.26"]
[Round "8"]
[White "Manescu,T"]
[Black "Badea,B"]
[Result "1-0"]
[WhiteElo "2393"]
[BlackElo "2496"]

1.e4 d6 2.d4 Nf6 3.Nc3 e5 4.dxe5 dxe5 5.Qxd8+ Kxd8 6.Bc4 Ke8 7.f3 c6 8.a4 Bb4
9.Ne2 Ke7 10.Bd2 Nbd7 11.Nc1 b6 12.Nd3 Bd6 13.Nd1 a6 14.Ne3 g6 15.Bb3 Bb7
16.Nc4 Ne8 17.a5 b5 18.Nxd6 Kxd6 19.Bb4+ Kc7 20.Bxf7 Nd6 21.Be6 Rhe8 22.Bxd7 Kxd7
23.O-O-O Kc7 24.Nxe5 Rad8 25.Bxd6+ Rxd6 26.Nd3 Bc8 27.Nc5 g5 28.Rxd6 Kxd6
29.b4 Ke5 30.Kd2 h5 31.Ke3 Rd8 32.g3 Kf6 33.f4  1-0

[Event "18th TCh-CRO b"]
[Site "Sibenik CRO"]
[Date "2009.09.26"]
[Round "6"]
[White "Mrdja,M"]
[Black "Jurkovic,A"]
[Result "1-0"]
[WhiteElo "2393"]
[BlackElo "2336"]

1.e4 d6 2.d4 Nf6 3.Nc3 e5 4.Nge2 g6 5.g3 Bg7 6.Bg2 O-O 7.O-O Nc6 8.dxe5 dxe5
9.Be3 Be6 10.Nd5 Qc8 11.c4 Re8 12.Qd2 Ne7 13.Bg5 Nexd5 14.cxd5 Bh3 15.Qc2 Bxg2
16.Kxg2 Qg4 17.Bxf6 Bxf6 18.f4 Qd7 19.f5 Bg5 20.h4 Be7 21.Rf3 c6 22.Rd1 Rac8
23.dxc6 Rxc6 24.Qb3 Bd6 25.Nc3 Rb6 26.Qc2 Qc6 27.Qe2 Rf8 28.Nd5 Rb5 29.Rc3 Qa6
30.Kh3 Kg7 31.Rdc1 Ra5 32.Qd2 h6 33.Qf2 Ra4 34.fxg6 fxg6 35.Rc7+ Bxc7 36.Rxc7+ Kg8
37.Ne7+ Kg7 38.Nxg6+ Kxg6 39.Qxf8 Qe6+ 40.g4 Qf6  1-0

[Event "18th TCh-CRO b"]
[Site "Sibenik CRO"]
[Date "2009.09.26"]
[Round "6"]
[White "Miladinovic,I"]
[Black "Viskic,P"]
[Result "1-0"]
[WhiteElo "2547"]
[BlackElo "2220"]

1.d4 d6 2.e4 Nf6 3.Nc3 e5 4.dxe5 dxe5 5.Qxd8+ Kxd8 6.Bg5 Bd6 7.O-O-O a6 8.f4 Nd7
9.fxe5 Bxe5 10.Nd5 Ke8 11.Nf3 Nxd5 12.exd5 Bd6 13.Bd3 f6 14.Rde1+ Kf7 15.Be3 Ne5
16.Nxe5+ Bxe5 17.g3 Bh3 18.c4 h5 19.Bf4 Rae8 20.Bxe5 Rxe5 21.Rxe5 fxe5 22.Re1 Kf6
23.Kd2 h4 24.Ke3 hxg3 25.hxg3 Kg5 26.Rh1 Rh6 27.c5 a5 28.Be4 b6 29.d6  1-0

[Event "69th ch-ITA s/f"]
[Site "Arvier ITA"]
[Date "2009.09.27"]
[Round "2"]
[White "Codenotti,M"]
[Black "Molina,Fa"]
[Result "1-0"]
[WhiteElo "2117"]
[BlackElo "2245"]

1.e4 d6 2.d4 Nf6 3.Nc3 e5 4.Nf3 Nbd7 5.Bc4 Be7 6.O-O O-O 7.a4 c6 8.Re1 b6
9.d5 cxd5 10.Nxd5 Nxd5 11.Bxd5 Rb8 12.b3 Ba6 13.Nd2 Nf6 14.Nc4 Qc7 15.Ne3 Rfe8
16.Ba3 g6 17.c4 Rbd8 18.Bb4 Bc8 19.a5 Bd7 20.axb6 axb6 21.Qd2 Bf8 22.Qa2 Bc6
23.Qa7 Re7 24.Qxc7 Rxc7 25.Ra6 Rb8 26.f3 Nxd5 27.Nxd5 Bxd5 28.cxd5 Rc2 29.Rea1 Rb2
30.Ra8 Rxa8 31.Rxa8 Kg7 32.Rb8 Rxb3 33.Rxb6 f5 34.Rb7+ Kf6 35.Rb8 Rb1+ 36.Kf2 Rb2+
37.Kg3 Bh6 38.Bxd6 Re2 39.Bb4 Bf4+ 40.Kh3 fxe4 41.d6 exf3 42.d7 Rxg2 43.d8=Q+ Kf5
44.Qd3+ Kg5 45.Be7+ Kh6 46.Qxf3 Rxh2+ 47.Kg4 Kg7 48.Bf8+  1-0

[Event "TCh-ROU Superliga"]
[Site "Eforie Nord ROU"]
[Date "2009.09.27"]
[Round "9"]
[White "Voiteanu,G"]
[Black "Dumitrache,D"]
[Result "0-1"]
[WhiteElo "2248"]
[BlackElo "2477"]

1.d4 d6 2.e4 Nf6 3.Nc3 c6 4.a4 Qa5 5.Bd2 e5 6.Nd5 Qd8 7.Nxf6+ Qxf6 8.Nf3 Bg4
9.dxe5 dxe5 10.h3 Bxf3 11.Qxf3 Qxf3 12.gxf3 Bd6 13.Rg1 g6 14.O-O-O Nd7 15.Bc4 Ke7
16.Bc3 f6 17.Rd2 Rhd8 18.Rgd1 Nb6 19.Bb3 a5 20.f4 Bb4 21.Bxb4+ axb4 22.fxe5 fxe5
23.Rxd8 Rxd8 24.Rxd8 Kxd8 25.a5 Nd7 26.h4 Ke7 27.Bc4 Nc5 28.f3 Ne6 29.Bf1 Nd4
30.Bg2 Kd6 31.Kd2 Kc5 32.Kd3 Kb5 33.f4 Ne6 34.fxe5 Nf4+ 35.Kd2 Kc5 36.Bf1 Kd4
37.e6 Nxe6 38.Bh3 Nc5 39.Bg4 Nxe4+ 40.Ke2 Nd6 41.Bf3 Nc4 42.c3+ bxc3 43.bxc3+ Kxc3
44.a6 bxa6 45.Bxc6 a5 46.Be8 Nd6 47.Bd7 Nf5 48.Be6  0-1

[Event "VII Marx Gyorgy Mem"]
[Site "Paks HUN"]
[Date "2009.09.27"]
[Round "3"]
[White "Ganguly,S"]
[Black "Berkes,F"]
[Result "1/2-1/2"]
[WhiteElo "2634"]
[BlackElo "2663"]

1.e4 d6 2.d4 Nf6 3.Nc3 e5 4.Nf3 Nbd7 5.Bc4 Be7 6.O-O O-O 7.Re1 c6 8.a4 a5
9.h3 Nb6 10.Ba2 Nfd7 11.Be3 exd4 12.Qxd4 Nc5 13.Rad1 Be6 14.Bxe6 fxe6 15.e5 d5
16.Qg4 Qe8 17.Nd4 Qf7 18.b3 Nbd7 19.f4 Qg6 20.g3 Rae8 21.Qxg6 hxg6 22.h4 Kf7
23.Nf3 Bd8 24.Kg2 Bb6 25.Bc1 Bd8 26.g4 Be7 27.Rh1 Rh8 28.Rdf1 Ref8 29.Nd4 Ke8
30.Ba3 Rh7 31.Nce2 Ne4 32.Bc1 Ndc5 33.Rh3 Kd7 34.Rfh1 Rfh8 35.g5 Ke8 36.f5 gxf5
37.Nf4 Kd7 38.Ng6 Rc8 39.Nxe7 Kxe7 40.h5 Nd7 41.Bf4 Rhh8 42.g6 Rhg8 43.Kf1 c5
44.Nb5 c4 45.Nd4 cxb3 46.cxb3 Nb8 47.h6 Kd7 48.hxg7 Nc6 49.Nxc6 Kxc6 50.Rh8 d4
51.Rxg8 Rxg8 52.Rh7 Kd5 53.Ke2 b6 54.Bh2 Nc5 55.Bf4 Ne4 56.Bh2 Nc3+ 57.Kd3 Ne4  1/2-1/2

[Event "18th TCh-CRO"]
[Site "Sibenik CRO"]
[Date "2009.09.27"]
[Round "7"]
[White "Plenkovic,Z"]
[Black "Muse,M"]
[Result "1/2-1/2"]
[WhiteElo "2370"]
[BlackElo "2448"]

1.e4 d6 2.d4 Nf6 3.Nc3 e5 4.Nf3 Nbd7 5.Bc4 Be7 6.O-O O-O 7.Re1 c6 8.a4 Qc7
9.Ba2 b6 10.Bg5 Re8 11.h3 Nf8 12.Qd2 a6 13.Be3 exd4 14.Bxd4 Ne6 15.Be3 Rb8
16.Ng5 Bf8 17.Nxe6 Bxe6 18.Bd4 Nd7 19.Bxe6 Rxe6 20.Qd3 b5 21.axb5 axb5 22.Ra7 Rb7
23.Rxb7 Qxb7 24.Ra1 Qb8 25.b3 Qe8 26.f3 b4 27.Na4 d5 28.exd5 cxd5 29.Bf2 Rc6
30.Re1 Qc8 31.Re2 Nf6 32.Kf1 Nh5 33.Nb6 Rxb6 34.Bxb6 Nf4 35.Qd2 Nxe2 36.Qxe2 h6
37.Bd4 Qc6 38.Ke1 Bd6 39.Kd1 Bf4 40.Qd3 Bg5 41.Qe2 Bf6 42.Qd2 Be7 43.Qe1 Bd6
44.Kc1 Qd7 45.Qe3 Qc6 46.Kb1 Qc8 47.Kb2 Qc6 48.g4 Qc7 49.h4 Bf4 50.Qe1 Qa5
51.Kb1 Qb5 52.h5 Kh7 53.Kb2 Qa5 54.Qd1 f6 55.Qd3+ Kh8 56.Kb1 Qa3 57.Bb2 Qa5
58.Qf5 Bd2 59.Qc8+ Kh7 60.Qf5+ Kh8  1/2-1/2

[Event "18th TCh-CRO b"]
[Site "Sibenik CRO"]
[Date "2009.09.27"]
[Round "7"]
[White "Orak,L"]
[Black "Jurkovic,A"]
[Result "1/2-1/2"]
[WhiteElo "2341"]
[BlackElo "2336"]

1.e4 d6 2.d4 Nf6 3.Nc3 e5 4.Nf3 Nbd7 5.Bc4 h6 6.O-O c6 7.a4 a5 8.Re1 Be7
9.dxe5 dxe5 10.Nh4 g6 11.Nf3 Qc7 12.h3 Bc5 13.Nh2 Nf8 14.Qf3 Qe7 15.Be3 Bxe3
16.Qxe3 Be6 17.Bxe6 Nxe6 18.Nf3 Nd7 19.Rad1 Qc5 20.Qxc5 Nexc5 21.Rd2 Ke7
22.Red1 Rhd8 23.Kf1 f6 24.g3 Nf8 25.Ke2 Rxd2+ 26.Rxd2 Nfe6 27.Ke3 Ng5 28.Ng1 h5
29.f4 Nf7 30.Nf3 g5 31.fxg5 fxg5 32.b3 Rg8 33.Rh2 Ke6 34.Rh1 Nd6 35.Nd2 Nd7
36.Rf1 g4 37.h4 Nc5 38.Ne2 Rc8 39.Nc3 Rd8 40.Ne2 Rh8 41.Nc3 Rd8 42.Ne2 Na6
43.Nc1 Nc5 44.Nd3 Nxd3 45.cxd3 b5 46.Rc1 Rc8 47.d4 exd4+ 48.Kxd4 Kd7 49.Rc5 Rh8
50.Rg5 Nf7 51.Rf5 Nd6 52.Rg5 Nf7  1/2-1/2

[Event "18th TCh-CRO b"]
[Site "Sibenik CRO"]
[Date "2009.09.27"]
[Round "7"]
[White "Brnas,A"]
[Black "Stipic,M"]
[Result "1/2-1/2"]
[WhiteElo "2304"]
[BlackElo "2223"]

1.e4 d6 2.d4 Nf6 3.Nc3 c6 4.f4 Qb6 5.Nf3 Bg4 6.e5 Nd5 7.Nxd5 cxd5 8.c3 e6
9.Bd3 Nc6 10.h3 Bxf3 11.Qxf3 Be7 12.exd6 Bxd6 13.O-O g6 14.Kh1 Ne7 15.Qf2 h5
16.Qc2 Nf5 17.Rf3 Rc8 18.Qb3 h4 19.Bd2 Ng3+ 20.Kg1 f5 21.Re1 Qxb3 22.axb3 Ne4
23.Be3 a5 24.Ra1 b6 25.Rff1 Rh7 26.Rfe1 Rhc7 27.Bf1 Kf7 28.Bd3 Rg8 29.Rf1  1/2-1/2

[Event "69th ch-ITA s/f"]
[Site "Arvier ITA"]
[Date "2009.09.28"]
[Round "3"]
[White "Dvirnyy,D"]
[Black "Scalcione,M"]
[Result "1/2-1/2"]
[WhiteElo "2440"]
[BlackElo "2389"]

1.e4 d6 2.d4 Nf6 3.Nc3 e5 4.Nf3 Nbd7 5.Bc4 Be7 6.O-O O-O 7.a4 c6 8.Re1 h6
9.Ba2 Nh7 10.Be3 Ng5 11.a5 Nxf3+ 12.Qxf3 Bg5 13.Red1 Qe7 14.Bxg5 hxg5 15.Qh5 exd4
16.Rxd4 Ne5 17.Qd1 Rd8 18.Qd2 Bg4 19.Qe3 Rd7 20.f3 Be6 21.Bxe6 fxe6 22.b3 Rf8
23.Rdd1 a6 24.Na4 Qf6 25.Nb6 Rdf7 26.Nc4 Nxc4 27.bxc4 g4 28.fxg4 Qe5 29.Re1 d5
30.cxd5 cxd5 31.c3 Rf4 32.Qd4 Qxd4+ 33.cxd4 Rxg4 34.Rab1 Rxe4 35.Rxe4 dxe4
36.Rxb7 e3 37.Rb1 Rf5 38.Re1 Rxa5 39.Rxe3 Kf7 40.Kf2 Rd5 41.Ra3 a5 42.Ke3 g5
43.Kd3 Kf6 44.Ke4 Rb5 45.g3 Rf5 46.h3 Rb5 47.h4 Kg6 48.hxg5 Rxg5 49.Kf4 Rf5+
50.Ke4 Kg5 51.Ra1 Kg4 52.Ra3 Rb5 53.Re3 a4 54.Kd3 Ra5 55.Rxe6 a3 56.Re1 a2  1/2-1/2

[Event "69th ch-ITA s/f"]
[Site "Arvier ITA"]
[Date "2009.09.29"]
[Round "4"]
[White "Parrella,A"]
[Black "Molina,Fa"]
[Result "0-1"]
[WhiteElo "2099"]
[BlackElo "2245"]

1.e4 d6 2.d4 Nf6 3.Nc3 e5 4.Nf3 Nbd7 5.Bc4 Be7 6.O-O O-O 7.Re1 c6 8.a4 b6
9.d5 cxd5 10.Nxd5 Nxd5 11.Bxd5 Rb8 12.b3 Nf6 13.Ba3 Nxd5 14.Qxd5 Bb7 15.Qd3 f5
16.Nd2 fxe4 17.Nxe4 d5 18.Bxe7 Qxe7 19.Ng3 Qf6 20.f3 Rbe8 21.Qe3 a5 22.Rad1 g6
23.Qh6 Qe7 24.Qe3 Qb4 25.Qd2 Qc5+ 26.Qe3 Qc7 27.Rd2 Re7 28.Kh1 Qc6 29.Qg5 Qf6
30.Qxf6 Rxf6 31.Kg1 Kg7 32.Nf1 Rfe6 33.Ne3 d4 34.Ng4 h5 35.Nf2 g5 36.Ne4 Kg6
37.Nf2 Kf6 38.Ne4+ Kg6 39.Nf2 Rc7 40.Nd3 Kf5 41.Nb2 Ba6 42.Kf2 Rec6 43.Rc1 Rc3
44.Nc4 Bxc4 45.bxc4 R7xc4 46.Ke2 Re3+ 47.Kd1 Rxa4 48.Rb1 b5 49.Kc1 b4 50.Kb2 Raa3
51.Ra1 Rxa1 52.Kxa1 g4 53.fxg4+ hxg4 54.Kb2 Ke4 55.Ka2 Ra3+ 56.Kb2 Ke3 57.Rd1 Kf2
58.Rd2+ Ke1 59.Rd3 Rxd3 60.cxd3 Kf2  0-1

[Event "FIDE GP w"]
[Site "Nanjing CHN"]
[Date "2009.09.29"]
[Round "2"]
[White "Kovanova,B"]
[Black "Fierro Baquero,M"]
[Result "1/2-1/2"]
[WhiteElo "2408"]
[BlackElo "2386"]

1.e4 d6 2.d4 Nf6 3.Nc3 e5 4.Nf3 Nbd7 5.Bc4 Be7 6.O-O O-O 7.Re1 c6 8.a4 b6
9.b3 Bb7 10.Bb2 a6 11.Bd3 g6 12.dxe5 Nxe5 13.Nxe5 dxe5 14.Ne2 Qc7 15.Ng3 b5
16.Qf3 Rfd8 17.Bc1 Nd7 18.h4 Rf8 19.Bg5 Rfe8 20.Bxe7 Rxe7 21.Nf1 Qd6 22.Ne3 Qf6
23.Qg3 Nc5 24.axb5 cxb5 25.Nd5 Bxd5 26.exd5 Rd8 27.Rad1 Rxd5 28.Bxg6 Rxd1
29.Bd3+ Qg7 30.Qxg7+ Kxg7 31.Rxd1 Rc7 32.Bf5 h6 33.b4 Ne6 34.Bxe6 fxe6 35.Rd6 Rxc2
36.Rxa6 Rc4 37.Rxe6 Rxh4 38.Rxe5 Rxb4 39.Re6 Rb2 40.Rb6 h5 41.Kh2 Rxf2 42.Rxb5 Kg6
43.Kg3  1/2-1/2